Sports Quiz

Random Sports or NFL Quiz

2010 NFL QB by Number Quiz Stats

 Plays Quiz not verified by Sporcle

Score 0/29 Timer 04:00
0 Plays Today
QB Number % Correct
Michael Vickseven
97.7%
Brett Favrefour
92.5%
Drew Breesnine
86.9%
Peyton Manningeighteen
86.9%
Tom Bradytwelve
86.9%
Aaron Rodgerstwelve
84.6%
Vince Youngten
84.1%
Tony Romonine
81.8%
Donovan McNabbfive
78.5%
Eli Manningten
77.6%
Philip Riversseventeen
76.6%
Mark Sanchezsix
76.6%
Jay Cutlersix
76.6%
Ben Roethlisbergerseven
75.7%
Matt Schaubeight
71%
QB Number % Correct
Kyle Ortoneight
70.1%
Matt Ryantwo
69.2%
Matt Hasselbeckeight
68.7%
Carson Palmernine
67.3%
Sam Bradfordeight
66.4%
Colt McCoytwelve
62.6%
Joe Flaccofive
59.8%
David Garrardnine
56.1%
Matthew Staffordnine
55.6%
Ryan Fitzpatrickfourteen
53.3%
Jason Campbelleight
52.8%
Troy Smithone
51.9%
Josh Freemanfive
46.7%
Matt Casselseven
46.3%

You're not logged in!

Compare scores with friends on all Sporcle quizzes.
OR
Log In

Show Comments

Extras

Created Nov 20, 2010ReportNominate
Tags:NFL Quiz, Numbers Quiz, 2010

Top Quizzes Today


Score Distribution

Your Account Isn't Verified!

In order to create a playlist on Sporcle, you need to verify the email address you used during registration. Go to your Sporcle Settings to finish the process.

Report this User

Report this user for behavior that violates our Community Guidelines.

Details: